[Event "2015 Standard Chess Dropout Tournament, Round 1"]
[Site "SchemingMind.com"]
[Date "2014.11.03"]
[Round "1"]
[White "2curious"]
[Black "Robert Bruce"]
[Result "1-0"]
[WhiteCountry "USA"]
[BlackCountry "SCO"]
[WhiteElo "2157"]
[WhiteRD "145"]
[BlackElo "2149"]
[BlackRD "67"]
[GameID "368207"]

1. d4 d5 2. c4 e6 3. Nc3 c5 4. cxd5 exd5 5. Nf3 Nc6 6. g3 Nf6 7. Bg2 Be7 8. O-O O-O 9. Bg5 c4 10. Ne5 Be6
11. b3 h6 12. Bf4 Nxe5 13. Bxe5 Qa5 14. Rc1 Rac8 15. Bxf6 gxf6 16. e4 cxb3 17. Nxd5 Qa3 18. axb3 Rxc1 19. Nxe7+ Qxe7 20. Qxc1 Bxb3
21. Qxh6 Rc8 22. Rb1 Rc3 23. h4 b5 24. e5 fxe5 25. Be4 Qe6 26. Qg5+ Kf8 27. d5 Bxd5 28. Qd8+ Kg7 29. Qxd5 Qxd5 30. Bxd5 Rc5
31. Be4 a5 32. Kf1 b4 33. Ke2 Rc3 34. Ra1 Rc5 35. f3 Kf6 36. Kd2 Kg7 37. g4 Kf6 38. g5+ Kg7 39. Rc1 Rxc1 40. Kxc1 a4
41. h5 Kg8 42. h6 a3 43. Bd5 Kh7 44. Bxf7 b3 45. Bxb3
1-0

[Event "2015 Standard Chess Dropout Tournament, Round 1"]
[Site "SchemingMind.com"]
[Date "2014.11.04"]
[Round "1"]
[White "Abacist"]
[Black "Don71"]
[Result "0-1"]
[WhiteCountry "USA"]
[BlackCountry "NIR"]
[WhiteElo "1555"]
[WhiteRD "208"]
[BlackElo "2310"]
[BlackRD "87"]
[GameID "368208"]

1. e4 e5 2. Nf3 Nc6 3. Bb5 a6 4. Ba4 b5 5. Bb3 Bb7 6. c3 Nf6 7. O-O Nxe4 8. Re1 Nf6 9. Nxe5 Nxe5 10. Rxe5+ Be7
11. Qe1 c5 12. d4 Kf8 13. dxc5 d6 14. Rxe7 Qxe7 15. Qxe7+ Kxe7 16. cxd6+ Kxd6 17. Bxf7 Rhf8 18. Bb3 Rae8 19. Bf4+ Kd7 20. Nd2 Nh5
21. Be3 Nf4 22. Bxf4 Rxf4 23. Kf1 Rf6 24. f3 Rh6 25. h3 Rd6 26. Rd1 Bd5 27. Re1 Rxe1+ 28. Kxe1 Bxb3 29. Nxb3 Ke6 30. Ke2 Kd5
31. Nd2 Rg6 32. Kf2 b4 33. c4+ Kd4 34. b3 Rg5 35. Ne4 Ra5 36. c5 Rxa2+ 37. Ke1 Rc2 38. Kd1 Kd3 39. g4 a5 40. h4 a4
0-1

[Event "2015 Standard Chess Dropout Tournament, Round 1"]
[Site "SchemingMind.com"]
[Date "2014.11.04"]
[Round "1"]
[White "Abstract Actuary"]
[Black "grabapawn"]
[Result "1-0"]
[WhiteCountry "USA"]
[BlackCountry "USA"]
[WhiteElo "1819"]
[WhiteRD "79"]
[BlackElo "1597"]
[BlackRD "66"]
[GameID "368209"]

1. e4 e5 2. Nf3 d6 3. Bc4 Bg4 4. h3 Bh5 5. O-O Nc6 6. c3 Be7 7. Qe2 Nf6 8. Rd1 h6 9. d4 Qd7 10. Bb5 g5
11. d5 a6 12. dxc6 bxc6 13. Bxa6 O-O 14. Bc4 g4 15. Nxe5 Qc8 16. Nxc6 Qd7 17. Nxe7+ Qxe7 18. hxg4 Nxg4 19. f3 Ne5 20. Bxh6 Rfe8
21. Bf4 Ng6 22. Bh2 Qg5 23. Na3 Ra5 24. Nb5 Nf4 25. Bxf4 Qxf4 26. Nxc7 Ree5 27. Rxd6 Bg6 28. Rd5 Raxd5 29. Nxd5 Qg3 30. Qf2 Qg5
31. f4
1-0

[Event "2015 Standard Chess Dropout Tournament, Round 1"]
[Site "SchemingMind.com"]
[Date "2014.11.08"]
[Round "1"]
[White "Andrew Burruss"]
[Black "JMD"]
[Result "0-1"]
[WhiteCountry "USA"]
[BlackCountry "GBR"]
[WhiteElo "1287"]
[WhiteRD "96"]
[BlackElo "1612"]
[BlackRD "94"]
[GameID "368210"]

1. e4 e5 2. Nf3 Nc6 3. Nc3 a6 4. d4 d6 5. Be3 Bg4 6. h3 Bxf3 7. gxf3 h6 8. dxe5 dxe5 9. Bd3 Bb4 10. Qd2 Nd4
11. Qd1 Qf6 12. f4 Bxc3+ 13. bxc3 Ne6 14. Qb1 Ne7 15. Qxb7 O-O 16. f5 Rfb8 17. Qb4 Rxb4 18. cxb4 Nd4 19. Rg1 Nf3+ 20. Ke2 Nxg1+
21. Rxg1 Nc6 22. c3 Na7 23. a4 Kf8 24. Bc5+ Ke8 25. b5 Kd7 26. b6 cxb6 27. Ba3 Nc8 28. a5 Kc7 29. axb6+ Nxb6 30. Rb1 Na4
31. Kd2 Qc6 32. c4 Rb8 33. Rb4 Rxb4 34. Bxb4 Nb2 35. Bc2 Nxc4+ 36. Kc1 Nd6 37. f3 Qc4 38. f6 Qxb4 39. fxg7 Qe1+ 40. Bd1 Qg3
0-1

[Event "2015 Standard Chess Dropout Tournament, Round 1"]
[Site "SchemingMind.com"]
[Date "2014.11.06"]
[Round "1"]
[White "ampp"]
[Black "John Galvin"]
[Result "0-1"]
[WhiteCountry "POR"]
[BlackCountry "USA"]
[WhiteElo "1486"]
[WhiteRD "84"]
[BlackElo "2404"]
[BlackRD "91"]
[GameID "368214"]

1. d4 d5 2. c4 e6 3. Nc3 c6 4. Nf3 Nf6 5. e3 Nbd7 6. cxd5 cxd5 7. Bb5 a6 8. Ba4 b5 9. Bc2 Bb7 10. O-O Bd6
11. Re1 O-O 12. Bd2 b4 13. Ne2 a5 14. b3 Ne4 15. Bxe4 dxe4 16. Ne5 Bxe5 17. dxe5 Nxe5 18. h3 Nd3 19. Rf1 Ba6 20. Nc1 Rc8
21. Nxd3 Qxd3 22. Re1 Rc2 23. Re2 Rfc8 24. Kh2 Qxe2 25. Qxe2 Bxe2
0-1

[Event "2015 Standard Chess Dropout Tournament, Round 1"]
[Site "SchemingMind.com"]
[Date "2014.11.04"]
[Round "1"]
[White "Archon"]
[Black "Munny"]
[Result "0-1"]
[WhiteCountry "CAN"]
[BlackCountry "GER"]
[WhiteElo "1743"]
[WhiteRD "80"]
[BlackElo "2212"]
[BlackRD "90"]
[GameID "368215"]

1. Nf3 Nf6 2. g3 g6 3. Bg2 Bg7 4. O-O O-O 5. d3 c5 6. e4 d6 7. Nc3 Nc6 8. Re1 Bg4 9. h3 Be6 10. Bg5 Qd7
11. Kh2 a6 12. a4 h6 13. Be3 g5 14. Ng1 Nh7 15. Qd2 f5 16. exf5 Bxf5 17. Rf1 e5 18. Nd5 Rae8 19. a5 Nf6 20. c3 Be6
21. Nxf6+ Bxf6 22. Ne2 Bd8 23. d4 Nxa5 24. dxc5 Nb3 25. Qc2 Nxa1 26. Rxa1 dxc5 27. Bxc5 Rf6 28. Rf1 Bc4 29. Be3 Qb5 30. Re1 Bb6
31. Ng1 Bd3 32. Qc1 e4 33. b4 Ref8 34. c4 Bxe3 35. cxb5 Bxc1 36. Rxc1 Rxf2 37. Re1 Rb2 38. Kh1 Rff2
0-1

[Event "2015 Standard Chess Dropout Tournament, Round 1"]
[Site "SchemingMind.com"]
[Date "2014.11.03"]
[Round "1"]
[White "Bacon"]
[Black "knightrider"]
[Result "0-1"]
[WhiteCountry "BER"]
[BlackCountry "USA"]
[WhiteElo "1248"]
[WhiteRD "85"]
[BlackElo "1470"]
[BlackRD "74"]
[GameID "368216"]

1. e4 e5 2. d4 exd4 3. Qxd4 Nc6 4. Qc3 Bb4 5. Ne2 Bxc3+ 6. Nexc3 Nf6 7. Bb5 Qe7 8. O-O O-O 9. Bf4 Nxe4 10. Bxc7 d6
11. Bxd6 Nxd6 12. Nd5 Qe5 13. Nc7 Rb8 14. Nc3 Nd4 15. g3 N6xb5 16. N7xb5 Ne2+ 17. Kg2 Bd7 18. Nxa7 Nxc3 19. bxc3 Qc5 20. Rfd1 Bf5
21. a4 Be4+ 22. f3 Bd5 23. Nb5 Rbe8 24. g4 Re2+ 25. Kg3 Qf2+ 26. Kf4 Qxf3+ 27. Kg5 Qf6+ 28. Kh5 Rxh2#
0-1

[Event "2015 Standard Chess Dropout Tournament, Round 1"]
[Site "SchemingMind.com"]
[Date "2014.11.06"]
[Round "1"]
[White "berns"]
[Black "saxon"]
[Result "0-1"]
[WhiteCountry "ENG"]
[BlackCountry "GER"]
[WhiteElo "1611"]
[WhiteRD "80"]
[BlackElo "2600"]
[BlackRD "123"]
[GameID "368217"]

1. d4 Nf6 2. c4 e6 3. Nc3 Bb4 4. Bd2 O-O 5. Nf3 b6 6. g3 Ba6 7. e3 d5 8. b3 dxc4 9. bxc4 c5 10. dxc5 Bxc5
11. Bg2 Bb7 12. O-O Qe7 13. Qc2 Nbd7 14. a4 Rac8 15. a5 bxa5 16. Rxa5 Bb6 17. Ra4 Rfd8 18. Rd1 Bc6 19. Ra6 Nc5 20. Ra2 Qb7
21. Nh4 Bxg2 22. Nxg2 Nd3 23. Nf4 Nb4 24. Qb2 Nxa2 25. Qxa2 Ng4 26. Qc2 Rxc4 27. Qb3 Qf3 28. Be1 Rxd1 29. Qxd1 Qxd1 30. Nxd1 Rc1
31. Ne2 Rxd1
0-1

[Event "2015 Standard Chess Dropout Tournament, Round 1"]
[Site "SchemingMind.com"]
[Date "2014.11.03"]
[Round "1"]
[White "BlueMooner"]
[Black "CapuzziG"]
[Result "1-0"]
[WhiteCountry "ENG"]
[BlackCountry "ITA"]
[WhiteElo "1909"]
[WhiteRD "92"]
[BlackElo "1809"]
[BlackRD "88"]
[GameID "368218"]

1. e4 e5 2. Nf3 Nc6 3. Bb5 a6 4. Ba4 Nf6 5. d3 d6 6. c3 Bd7 7. O-O Be7 8. Re1 O-O 9. Nbd2 Re8 10. Nf1 Bf8
11. Ng3 h6 12. h3 Ne7 13. Bc2 Ng6 14. d4 exd4 15. cxd4 c6 16. b3 Qc7 17. Bb2 Be6 18. Rc1 Qa5 19. Bb1 Nf4 20. Qc2 g6
21. d5 N6xd5 22. exd5 Bxd5 23. Ne4 Be7 24. a3 Qd8 25. Qc3 f6 26. Nh2 Bxe4 27. Rxe4 Nd5 28. Qc2 f5 29. Re6 Nf4 30. Qc4 Kf7
31. Rxd6+
1-0

[Event "2015 Standard Chess Dropout Tournament, Round 1"]
[Site "SchemingMind.com"]
[Date "2014.11.04"]
[Round "1"]
[White "Brian Pott"]
[Black "Holty"]
[Result "1-0"]
[WhiteCountry "AUS"]
[BlackCountry "ENG"]
[WhiteElo "2246"]
[WhiteRD "78"]
[BlackElo "1705"]
[BlackRD "61"]
[GameID "368219"]

1. e4 e6 2. d4 d5 3. Nd2 Nf6 4. e5 Nfd7 5. Bd3 c5 6. c3 Nc6 7. Ne2 cxd4 8. cxd4 f6 9. exf6 Nxf6 10. Nf3 Bd6
11. O-O Qb6 12. b3 Bd7 13. Bf4 Qc7 14. g3 O-O 15. Rc1 Nh5 16. Bxd6 Qxd6 17. Nc3 a6 18. Re1 b5 19. Ne5 Nf6 20. Bf1 Rac8
21. Bh3 Qe7 22. Nxd7 Nd8 23. Nxf8 Kxf8 24. Ne2 Qd7 25. Rxc8 Qxc8 26. Nf4 Kf7 27. Nxe6 Ne4 28. Qf3+ Kg8 29. Qf8#
1-0

[Event "2015 Standard Chess Dropout Tournament, Round 1"]
[Site "SchemingMind.com"]
[Date "2014.11.06"]
[Round "1"]
[White "Brian_Jones"]
[Black "Sully7"]
[Result "1-0"]
[WhiteCountry "AUS"]
[BlackCountry "IRL"]
[WhiteElo "2310"]
[WhiteRD "123"]
[BlackElo "2012"]
[BlackRD "85"]
[GameID "368220"]

1. d4 b6 2. e4 Bb7 3. Nc3 e6 4. Nf3 Bb4 5. Bd3 Nf6 6. Qe2 d5 7. exd5 Qxd5 8. O-O Bxc3 9. bxc3 Qh5 10. Qe5 Bxf3
11. Qxc7 O-O 12. gxf3 Qxf3 13. Qg3 Qxg3+ 14. fxg3 Nc6 15. Ba6 Ne4 16. Bb7 Rac8 17. Bxc8 Rxc8 18. Bb2 Ne7 19. Rae1 Nxc3 20. Rf2 Ned5
21. Bxc3 Nxc3 22. Kg2 Nxa2 23. Ra1 Nb4 24. Rxa7 Nxc2 25. Rfxf7 Nxd4 26. Rxg7+ Kh8 27. Rxh7+ Kg8 28. Rag7+ Kf8 29. Rb7 Kg8 30. Rhd7 e5
31. Rxb6 Nf5 32. Rg6+ Kf8 33. Rf6+ Ke8 34. Ra7 Ne7 35. Re6
1-0

[Event "2015 Standard Chess Dropout Tournament, Round 1"]
[Site "SchemingMind.com"]
[Date "2014.11.04"]
[Round "1"]
[White "Robert Bruce"]
[Black "simon_w"]
[Result "1-0"]
[WhiteCountry "SCO"]
[BlackCountry "IRL"]
[WhiteElo "2142"]
[WhiteRD "66"]
[BlackElo "1805"]
[BlackRD "101"]
[GameID "368221"]

1. f4 f5 2. Nf3 Nf6 3. g3 b6 4. Bg2 Bb7 5. O-O e6 6. c4 d5 7. Nc3 d4 8. Nb5 d3 9. Kh1 Bc5 10. b4 dxe2
11. Qxe2 a6 12. Ng5 Bxg2+ 13. Qxg2 Qd3 14. Nxc7+
1-0

[Event "2015 Standard Chess Dropout Tournament, Round 1"]
[Site "SchemingMind.com"]
[Date "2014.11.08"]
[Round "1"]
[White "CapuzziG"]
[Black "An old friend"]
[Result "1/2-1/2"]
[WhiteCountry "ITA"]
[BlackCountry "ENG"]
[WhiteElo "1866"]
[WhiteRD "84"]
[BlackElo "2056"]
[BlackRD "127"]
[GameID "368222"]

1. d4 Nf6 2. Bg5 Ne4 3. Bf4 d5 4. e3 c5 5. Bd3 Nf6 6. c3 Qb6 7. b3 Nc6 8. Ne2 Bg4 9. O-O e6 10. Na3 Bxe2
11. Qxe2 c4 12. bxc4 Bxa3 13. Rab1 Qd8 14. cxd5 Nxd5 15. Rxb7 Nxf4 16. exf4 O-O 17. Qe4 g6 18. Qxc6 Rc8 19. Qe4 Rxc3 20. Rxa7 Qd6
21. Rd1 Rd8 22. Be2 Kg7 23. g3 Qb6 24. Qb7 Qxb7 25. Rxb7 Rc2 26. Bf3 Rxa2 27. d5 Bc5 28. Rf1 exd5 29. Rbb1 d4 30. Bd1 d3
31. Bb3 Ra3 32. Rb2 Bd4 33. Rbb1 Bc5 34. Rfd1 d2 35. Kf1 Rb8 36. Bc2 Rxb1 37. Bxb1 Bb4 38. Ke2 Ra7 39. Rxd2 Bxd2 40. Kxd2 Re7
41. Bd3 h6 42. h4 Kf6 43. f3=
1/2-1/2

[Event "2015 Standard Chess Dropout Tournament, Round 1"]
[Site "SchemingMind.com"]
[Date "2014.11.04"]
[Round "1"]
[White "CB"]
[Black "dadshane2000"]
[Result "0-1"]
[WhiteCountry "ENG"]
[BlackCountry "USA"]
[WhiteElo "1522"]
[WhiteRD "107"]
[BlackElo "1911"]
[BlackRD "82"]
[GameID "368223"]

1. e4 e5 2. Nf3 Nc6 3. Bb5 a6 4. Bxc6 dxc6 5. O-O Qd6 6. d4 exd4 7. Nxd4 Bd7 8. Nf5 Bxf5 9. Qxd6 Bxd6 10. exf5 O-O-O
11. Nc3 Ne7 12. Ne4 Nxf5 13. Nxd6+ cxd6 14. g4 Nd4 15. Bg5 Nf3+ 16. Kh1 Nxg5 17. f4 Ne6 18. f5 Ng5 19. Rae1 d5 20. c3 Rhe8
21. Rxe8 Rxe8 22. h4 Ne4 23. Rg1 Nf2+ 24. Kg2 Nxg4 25. Kg3 Nf6 26. b3 Ne4+ 27. Kf4 Nxc3 28. Rxg7 Re7 29. Rxh7 Nxa2 30. h5 d4
31. Rh8+ Kc7 32. h6 d3 33. h7 d2 34. Rc8+ Kxc8 35. h8=Q+ Kc7 36. Qd4 Rd7 37. Qe5+ Kb6 38. Qe3+ c5 39. b4 Nxb4 40. Kg5 d1=Q
41. Qe5 Qd4 42. Qxd4 cxd4 43. Kh6 f6 44. Kg6 Nd5 45. Kh6 d3
0-1

[Event "2015 Standard Chess Dropout Tournament, Round 1"]
[Site "SchemingMind.com"]
[Date "2014.11.08"]
[Round "1"]
[White "clare1347"]
[Black "clario"]
[Result "1-0"]
[WhiteCountry "ENG"]
[BlackCountry "RSA"]
[WhiteElo "2233"]
[WhiteRD "78"]
[BlackElo "1814"]
[BlackRD "89"]
[GameID "368225"]

1. d4 d5 2. c4 c6 3. Nf3 Nf6 4. Nc3 e6 5. Bg5 h6 6. Bh4 dxc4 7. e4 g5 8. Bg3 b5 9. Be2 b4 10. Na4 Nxe4
11. Be5 Nf6 12. Nc5 c3 13. bxc3 bxc3 14. O-O Nbd7 15. Nxd7 Bxd7 16. Rc1 Bb4 17. Rb1 Be7 18. Qd3 Qa5 19. Rfc1 O-O 20. Rb7 Rfd8
21. Bc7 Qxa2 22. Bxd8 Rxd8 23. Ne5 c5 24. Rxc3 cxd4 25. Rcc7 Qd5 26. Nxd7 Nxd7 27. Qf3 Qd6 28. Bd3 a6 29. Qg3 Qxg3 30. hxg3 Nc5
31. Rxe7 Nxd3 32. Rxf7 Nc5 33. Rg7+ Kh8 34. Rh7+ Kg8= 35. Rbg7+ Kf8 36. Kf1
1-0

[Event "2015 Standard Chess Dropout Tournament, Round 1"]
[Site "SchemingMind.com"]
[Date "2014.11.03"]
[Round "1"]
[White "clario"]
[Black "gabeeg"]
[Result "0-1"]
[WhiteCountry "RSA"]
[BlackCountry "USA"]
[WhiteElo "1814"]
[WhiteRD "89"]
[BlackElo "2117"]
[BlackRD "81"]
[GameID "368226"]

1. d4 d6 2. Nf3 g6 3. g3 Nf6 4. b3 Bg7 5. Bb2 O-O 6. Bg2 c5 7. O-O cxd4 8. Nxd4 d5 9. c4 e5 10. Nb5 a6
11. N5c3 d4 12. Nd5 Nc6 13. Ba3 Re8 14. Nd2 Bf5 15. Nxf6+ Bxf6 16. Ne4 Be7 17. Qc1 Nb4 18. Rd1 a5 19. Qh6 Bf8 20. Qd2 Rb8
21. c5 b6 22. Nd6 Bxd6 23. cxd6 Nc2 24. g4 Nxa3 25. gxf5 Qxd6 26. fxg6 hxg6 27. Rac1 Rbc8 28. e3 Nb5 29. Qd3 Rc5 30. a4 Nc7
31. Rxc5 bxc5 32. Bf3 Rb8 33. Rb1 Nd5 34. Rc1 Rb4 35. h3 Nf6 36. e4 Qe6 37. Rxc5 Rxb3 38. Qd1 Qb6 39. Kg2 Qxc5 40. Qxb3 Kf8
41. Qb7 Kg7 42. Bd1 Ne8 43. Qb5 Qe7 44. Qxa5 Qg5+ 45. Bg4 Nf6 46. f3 d3
0-1

[Event "2015 Standard Chess Dropout Tournament, Round 1"]
[Site "SchemingMind.com"]
[Date "2014.11.04"]
[Round "1"]
[White "dadshane2000"]
[Black "mbeatini"]
[Result "1-0"]
[WhiteCountry "USA"]
[BlackCountry "USA"]
[WhiteElo "1911"]
[WhiteRD "82"]
[BlackElo "1413"]
[BlackRD "77"]
[GameID "368227"]

1. e4 c5 2. Nf3 g6 3. d4 cxd4 4. Nxd4 Bg7 5. c4 Nc6 6. Nb3 Nf6 7. Nc3 O-O 8. Be2 d6 9. O-O a6 10. Be3 Be6
11. f3 Ne5 12. Nd5 Nfd7 13. f4 Nc6 14. f5 gxf5 15. exf5 Bxd5 16. Qxd5 Nf6 17. Qf3 Rc8 18. Nd2 Nd7 19. Qg3 Kh8 20. Ne4
1-0

[Event "2015 Standard Chess Dropout Tournament, Round 1"]
[Site "SchemingMind.com"]
[Date "2014.11.04"]
[Round "1"]
[White "daki"]
[Black "Brian Pott"]
[Result "0-1"]
[WhiteCountry "SRB"]
[BlackCountry "AUS"]
[WhiteElo "2002"]
[WhiteRD "102"]
[BlackElo "2246"]
[BlackRD "78"]
[GameID "368228"]

1. d4 Nf6 2. c4 g6 3. Nc3 Bg7 4. f3 d6 5. e4 O-O 6. Be3 e5 7. d5 c6 8. Bd3 cxd5 9. cxd5 a6 10. a4 Nh5
11. Nge2 f5 12. O-O f4 13. Bf2 b6 14. b4 g5 15. Qc1 g4 16. fxg4 Bxg4 17. Nb1 f3 18. gxf3 Bh3 19. Be3 Qf6 20. Ng3 Nxg3
21. hxg3 Bxf1 22. Qxf1 Qxf3 23. Bxb6 Qxg3+ 24. Qg2 Qxd3
0-1

[Event "2015 Standard Chess Dropout Tournament, Round 1"]
[Site "SchemingMind.com"]
[Date "2014.11.06"]
[Round "1"]
[White "dapuka"]
[Black "flammablepawn"]
[Result "0-1"]
[WhiteCountry "USA"]
[BlackCountry "USA"]
[WhiteElo "1592"]
[WhiteRD "100"]
[BlackElo "1874"]
[BlackRD "92"]
[GameID "368229"]

1. e4 e6 2. d4 d5 3. e5 c5 4. Nf3 Nc6 5. Be3 Nge7 6. Na3 a6 7. c3 cxd4 8. cxd4 Nf5 9. Bd3 Nxe3 10. fxe3 Qa5+
11. Kf2 Bxa3 12. bxa3 Qxa3 13. Rf1 Nb4 14. Ne1 Nxd3+ 15. Nxd3 Bd7 16. Nf4 Rc8 17. Re1 Ba4 18. Qg4 Rc2+ 19. Kg1 g6 20. Kh1 Qe7
21. a3 O-O 22. Nh5 h6 23. Nf6+ Kg7 24. h4 Rh8 25. h5 g5 26. e4 Bc6 27. exd5 Bxd5 28. Rg1 Rhc8 29. Qd1 R8c3 30. Nxd5 exd5
31. a4 Qe6 32. Ra3 Rxa3 33. Qxc2 Qg4 34. Qf2 Qxh5+ 35. Qh4 Qxh4#
0-1

[Event "2015 Standard Chess Dropout Tournament, Round 1"]
[Site "SchemingMind.com"]
[Date "2014.11.05"]
[Round "1"]
[White "dhoustonsmith"]
[Black "kazaki"]
[Result "0-1"]
[WhiteCountry "USA"]
[BlackCountry "POL"]
[WhiteElo "1197"]
[WhiteRD "130"]
[BlackElo "1880"]
[BlackRD "99"]
[GameID "368230"]

1. d4 Nf6 2. c4 e6 3. Nf3 d5 4. g3 dxc4 5. Nbd2 Nc6 6. Nxc4 Bb4+ 7. Bd2 Bxd2+ 8. Nfxd2 Qxd4 9. e3 Qd8 10. Bg2 O-O
11. O-O Re8 12. Qe2 e5 13. Ne4 Qe7 14. Rfd1 Nxe4 15. Bxe4 f5 16. Bd5+ Kf8 17. a3 e4 18. Rd2 Ne5 19. Rad1 Nf3+ 20. Kg2 Nxd2
21. Rxd2 c6 22. Nb6 axb6 23. Bb3 Be6 24. Bc2 Rad8 25. Rxd8 Rxd8 26. h4 b5 27. f4 Qc5 28. b4 Qc3
0-1

[Event "2015 Standard Chess Dropout Tournament, Round 1"]
[Site "SchemingMind.com"]
[Date "2014.11.05"]
[Round "1"]
[White "Diadoco"]
[Black "white bishop"]
[Result "1/2-1/2"]
[WhiteCountry "MEX"]
[BlackCountry "PHI"]
[WhiteElo "1978"]
[WhiteRD "96"]
[BlackElo "2122"]
[BlackRD "100"]
[GameID "368231"]

1. e4 c6 2. d4 d5 3. Nc3 dxe4 4. Nxe4 Bf5 5. Ng3 Bg6 6. h4 h6 7. Nf3 Nd7 8. h5 Bh7 9. Bd3 Bxd3 10. Qxd3 e6
11. Bf4 Be7 12. Ne4 Ngf6 13. Ne5 Qa5+ 14. c3 O-O 15. g4 Rfd8 16. Nxd7 Nxd7 17. Qg3 Qd5 18. f3 Nf6 19. Nxf6+ Bxf6 20. O-O c5
21. dxc5 Bg5 22. Bxg5 Qxg5 23. Rad1 Qxc5+ 24. Qf2 Qb5 25. Qc2= Rxd1 26. Rxd1 Qc6 27. Kg2 Rf8 28. Qe4 Qb6 29. Rd2 f5 30. Qd4 fxg4
31. Qxg4 Qe3 32. Rd7 Qe2+ 33. Kg1 Qe3+ 34. Kg2 Qe5 35. Rxb7 Rd8 36. Qe4 Qg5+ 37. Qg4 Rd2+ 38. Kh3 Qe5 39. f4 Rd3+ 40. Kh2 Rd2+
41. Kh3 Rd3+=
1/2-1/2

[Event "2015 Standard Chess Dropout Tournament, Round 1"]
[Site "SchemingMind.com"]
[Date "2014.11.03"]
[Round "1"]
[White "Dom P"]
[Black "private napoleon"]
[Result "0-1"]
[WhiteCountry "ENG"]
[BlackCountry "ENG"]
[WhiteElo "1524"]
[WhiteRD "91"]
[BlackElo "1784"]
[BlackRD "75"]
[GameID "368233"]

1. e4 c5 2. Bc4 d6 3. Nf3 e6 4. d3 Nf6 5. O-O Be7 6. Bb5+ Nbd7 7. Nc3 a6 8. Bc4 b5 9. Bb3 O-O 10. a4 Bb7
11. Ne2 Qc7 12. c4 bxc4 13. Bxc4 d5 14. Bf4 e5 15. Bxe5 Nxe5 16. Bb3 Nxf3+ 17. gxf3 dxe4 18. fxe4 Ng4 19. Ng3 h5 20. Rc1 Rad8
21. Bc4 Bxe4 22. d4 Rxd4 23. Qb3 h4 24. f4 hxg3 25. Qxg3 Nf6 26. Rf2 Rfd8 27. Be2 R8d6 28. f5 Qd7 29. Rxc5 Rd1+ 30. Bf1 Rxf1+
31. Rxf1 Rd2 32. Qb8+ Ne8 33. Rf2 Rd1+ 34. Rf1 Bxc5#
0-1

[Event "2015 Standard Chess Dropout Tournament, Round 1"]
[Site "SchemingMind.com"]
[Date "2014.11.04"]
[Round "1"]
[White "Don71"]
[Black "pmdpsp"]
[Result "1-0"]
[WhiteCountry "NIR"]
[BlackCountry "GER"]
[WhiteElo "2310"]
[WhiteRD "87"]
[BlackElo "1844"]
[BlackRD "88"]
[GameID "368234"]

1. e4 g6 2. d4 c6 3. Nf3 Bg7 4. Bd3 d6 5. O-O Nd7 6. Re1 e5 7. c3 Ne7 8. Be3 O-O 9. Nbd2 d5 10. Qb3 Qc7
11. Rac1 dxe4 12. Bxe4 exd4 13. Bxd4 Nf6 14. Be5 Qa5 15. Rcd1 Nxe4 16. Bxg7 Be6 17. Qxb7 Kxg7 18. Nxe4 Nd5 19. Nd4 Nf4 20. Qe7 Kg8
21. Nf6+ Kh8 22. Nxe6 Nxe6 23. Rxe6 Qxa2 24. Red6 Qxb2 25. Qe3 Kg7 26. Qd4 c5 27. Ne8+ Kg8 28. Qg7#
1-0

[Event "2015 Standard Chess Dropout Tournament, Round 1"]
[Site "SchemingMind.com"]
[Date "2014.11.03"]
[Round "1"]
[White "Derek Price"]
[Black "paradox"]
[Result "0-1"]
[WhiteCountry "ENG"]
[BlackCountry "GER"]
[WhiteElo "2309"]
[WhiteRD "82"]
[BlackElo "2205"]
[BlackRD "175"]
[GameID "368235"]

1. e4 e6 2. d3 d5 3. Nd2 c5 4. Ngf3 Bd6 5. g3 Nc6 6. Bg2 Nge7 7. O-O O-O 8. Re1 Qc7 9. c3 Bd7 10. Qe2 f6
11. a3 a5 12. a4 Rfe8 13. Nb1 Nd8 14. Qc2 Bc6 15. Na3 Qd7 16. b3 Nf7 17. Bb2 Rad8 18. exd5 Bxd5 19. Nc4 Bc7 20. Ne3 Bc6
21. Rad1 Nd5 22. Nc4 e5 23. Nfd2 Ng5 24. Ne4 Ne6 25. Ba3 b6 26. Bc1 h6 27. h3 Rf8 28. Bb2 f5 29. Ned2 Ndf4 30. gxf4 Bxg2
31. Kxg2 Nxf4+ 32. Kh1 Qc6+ 33. f3 Rxd3 34. Re3 e4 35. Nf1 Rxd1 36. Qxd1 Nxh3
0-1

[Event "2015 Standard Chess Dropout Tournament, Round 1"]
[Site "SchemingMind.com"]
[Date "2014.11.04"]
[Round "1"]
[White "Brian Morris"]
[Black "John Hamer"]
[Result "0-1"]
[WhiteCountry "WLS"]
[BlackCountry "ENG"]
[WhiteElo "1197"]
[WhiteRD "107"]
[BlackElo "2033"]
[BlackRD "59"]
[GameID "368236"]

1. e4 c6 2. d4 d5 3. Bd3 dxe4 4. Bxe4 Nf6 5. Bf3 Bf5 6. Ne2 e6 7. Nd2 Be7 8. c3 O-O 9. O-O Nbd7 10. Nc4 Ne4
11. Na5 Qxa5 12. Qb3 Nd6 13. Bf4 e5 14. Bxe5 Be6 15. Rac1 Bxb3 16. axb3 f6 17. Bf4 g5 18. b4 Qc7 19. Be3 Nc4 20. Rb1 f5
21. Ng3 f4 22. Bc1 fxg3 23. fxg3 Qb6 24. h4 gxh4 25. Bf4 Nce5 26. Bxe5 Nxe5 27. Rbe1 Nxf3+ 28. Rxf3 Qc7 29. gxh4 Rfe8 30. g3 Bd6
31. g4 Rxe1+ 32. Kf2 Bg3+
0-1

[Event "2015 Standard Chess Dropout Tournament, Round 1"]
[Site "SchemingMind.com"]
[Date "2014.11.04"]
[Round "1"]
[White "Ebanon "]
[Black "NYNH"]
[Result "0-1"]
[WhiteCountry "ESP"]
[BlackCountry "USA"]
[WhiteElo "2363"]
[WhiteRD "77"]
[BlackElo "2080"]
[BlackRD "76"]
[GameID "368237"]

1. e4 c5 2. Nf3 d6 3. d4 cxd4 4. Nxd4 Nf6 5. Nc3 g6 6. Be3 Bg7 7. f3 Nc6 8. Qd2 Bd7 9. O-O-O h5 10. Kb1 Rc8
11. Nxc6 bxc6 12. Bc4 Qa5 13. Bd4 Rb8 14. Rhe1 O-O 15. e5 dxe5 16. Rxe5 Qb4 17. Bb3 Be6 18. Bc5 Qb7
0-1

[Event "2015 Standard Chess Dropout Tournament, Round 1"]
[Site "SchemingMind.com"]
[Date "2014.11.03"]
[Round "1"]
[White "edg"]
[Black "fouche"]
[Result "1-0"]
[WhiteCountry "USA"]
[BlackCountry "COL"]
[WhiteElo "1713"]
[WhiteRD "74"]
[BlackElo "1600"]
[BlackRD "57"]
[GameID "368238"]

1. c4 Nf6 2. Nc3 e6 3. g3 Nc6 4. Bg2 Be7 5. d4 a6 6. Nf3 O-O 7. e4 d6 8. O-O e5 9. d5 Nb8 10. a4 Bd7
11. b4 c6 12. h3 Qc8 13. Qd2 Bxh3 14. Bxh3 Qxh3 15. Ng5 Qc8 16. Kg2 cxd5 17. Nxd5 Nxd5 18. cxd5 Nd7 19. Qd3 Nf6 20. Rh1 h6
21. Nf3 Qd7 22. Nh4 Rac8 23. Nf5 Ne8 24. Bxh6 Bf6 25. Qf3 Rc4 26. Bd2 g6 27. Qg4 Ng7 28. Nh6+ Kh7 29. Nxf7+ Kg8 30. Nh6+ Kh7
31. Qxd7
1-0

[Event "2015 Standard Chess Dropout Tournament, Round 1"]
[Site "SchemingMind.com"]
[Date "2014.11.04"]
[Round "1"]
[White "emvarela"]
[Black "Arthur Wilding"]
[Result "1-0"]
[WhiteCountry "ARG"]
[BlackCountry "WLS"]
[WhiteElo "1695"]
[WhiteRD "49"]
[BlackElo "1232"]
[BlackRD "72"]
[GameID "368239"]

1. e4 e5 2. Nf3 d6 3. d4 exd4 4. Nxd4 Nf6 5. Nc3 Nc6 6. Nxc6 bxc6 7. Bg5 Be7 8. Bxf6 Bxf6 9. Qd2 O-O 10. Bd3 a5
11. O-O Ba6 12. Bxa6 Bxc3 13. Qxc3 Rxa6 14. Rad1 Qe8 15. Qd3 Rb6 16. b3 g6 17. f3 Qe5 18. f4 Qb5 19. c4 Qb4 20. e5 dxe5
21. fxe5 Qe7 22. Qg3 Qc5+ 23. Kh1 Re8 24. e6 Rxe6 25. Rd8+ Kg7 26. Qxc7 Re7 27. Rd7 Rxd7 28. Qxd7 Ra6 29. Rxf7+ Kh6 30. Rxh7+ Kg5
31. h4+ Kf4 32. Rf7+ Ke4 33. Re7+ Kf4 34. Qd2+ Kf5 35. Qg5#
1-0